100 Biggest cities in california by population - Statistics

General Stats
  • This quiz has been taken 27 times
  • The average score is 46 of 100
Answer Stats
Hint Answer % Correct
1. 3,822,238 Los Angeles
100%
4. 808,437 San Francisco
100%
3. 971,233 San Jose
100%
7. 451,307 Long Beach
96%
8. 430,553 Oakland
96%
6. 528,001 Sacramento
96%
2. 1,381,162 San Diego
96%
5. 545,567 Fresno
91%
10. 344,461 Anaheim
87%
14. 308,189 Santa Ana
87%
9. 410,647 Bakersfield
83%
12. 320,764 Riverside
83%
91. 87,533 Santa Barbara
83%
18. 220,328 San Bernardino
78%
68. 103,920 Burbank
74%
11. 321,819 Stockton
74%
89. 89,947 Santa Monica
70%
53. 118,950 Berkeley
65%
83. 91,988 Compton
65%
13. 313,685 Irvine
65%
19. 218,069 Modesto
65%
44. 136,178 Orange
65%
45. 134,211 Pasadena
65%
17. 221,345 Santa Clarita
65%
69. 103,621 Inglewood
61%
22. 200,415 Oxnard
61%
15. 279,170 Chula Vista
57%
29. 172,199 Oceanside
57%
49. 124,265 Thousand Oaks
57%
16. 223,871 Fremont
52%
24. 189,221 Glendale
52%
23. 194,310 Huntington Beach
52%
25. 179,061 Ontario
52%
28. 176,336 Rancho Cucamonga
52%
46. 126,930 Santa Clara
52%
48. 124,398 Simi Valley
52%
40. 143,966 Visalia
52%
72. 101,299 Chico
48%
26. 177,558 Elk Grove
48%
31. 169,185 Lancaster
48%
33. 161,020 Salinas
48%
73. 100,984 San Mateo
48%
59. 110,125 Santa Maria
48%
51. 122,625 Concord
43%
34. 159,567 Corona
43%
35. 156,754 Hayward
43%
27. 177,181 Santa Rosa
43%
37. 153,091 Sunnyvale
43%
58. 111,752 Temecula
43%
41. 141,126 Torrance
43%
56. 114,160 Carlsbad
39%
60. 109,934 Downey
39%
38. 150,270 Escondido
39%
86. 91,563 Merced
39%
21. 211,924 Moreno Valley
39%
57. 113,783 Murrieta
39%
32. 163,463 Palmdale
39%
81. 92,906 Redding
39%
36. 154,817 Roseville
39%
61. 109,527 Ventura
39%
43. 137,221 Victorville
39%
54. 115,264 Antioch
35%
47. 124,556 Clovis
35%
75. 100,007 Daly City
35%
30. 169,254 Garden Grove
35%
85. 91,776 Mission Viejo
35%
39. 146,017 Pomona
35%
55. 114,301 Richmond
35%
71. 101,918 Vacaville
35%
50. 123,564 Vallejo
35%
80. 93,140 Chino
30%
67. 104,414 El Cajon
30%
20. 212,475 Fontana
30%
42. 140,541 Fullerton
30%
84. 91,980 Indio
30%
93. 86,762 San Leandro
30%
64. 107,609 Jurupa Valley
26%
76. 98,537 Norwalk
26%
66. 105,013 West Covina
26%
82. 92,328 Carson
22%
88. 90,689 Hemet
22%
96. 85,638 Lake Forest
22%
97. 84,701 Livermore
22%
100. 83,993 Newport Beach
22%
70. 103,545 Rialto
22%
78. 97,328 Tracy
22%
94. 86,433 Citrus Heights
17%
62. 109,521 Costa Mesa
17%
65. 105,312 El Monte
17%
52. 119,338 Fairfield
17%
63. 109,521 Menifee
17%
79. 94,854 San Marcos
17%
95. 85,953 San Ramon
17%
77. 97,766 Vista
17%
99. 84,496 Whittier
17%
74. 100,744 Hesperia
13%
87. 90,926 South Gate
13%
90. 89,397 Westminster
13%
98. 84,563 Hawthorne
9%
92. 86,928 Manteca
4%
No matching quizzes found
Score Distribution
Percent of People with Each Score
Percentile by Number Answered
Your Score History
You have not taken this quiz